|
|
|
|
| LEADER |
01875nam a2200349 a 4500 |
| 001 |
14893701 |
| 008 |
091018r20062004ii l 001 0 eng d |
| 010 |
|
|
|a \\2007389231
|
| 040 |
|
|
|a DLC
|c DLC
|
| 082 |
|
|
|a 343/.0954/03
|2 22
|
| 100 |
0 |
|
|a Ratanlal Ranchhoddas.
|
| 245 |
0 |
0 |
|a Ratanlal & Dhirajlal's the Code of Criminal Procedure (Act II of 1974) /
|c by Ratanlal Ranchhoddas and Dhirajlal Keshavlal Thakore.
|
| 246 |
3 |
|
|a Ratanlal and Dhirajlal's the Code of Criminal Procedure (Act II of 1974)
|
| 246 |
1 |
8 |
|a Code of Criminal Procedure
|
| 250 |
|
|
|a 17th ed. (eco. p/b) /
|b by Y.V. Chandrachud in collaboration with V.R. Manohar, Avtar Singh and the publishers' editorial board
|
| 260 |
|
|
|a New Delhi :
|b Wadhwa & Co.,
|c 2004 [reprinted 2006].
|
| 300 |
|
|
|a clxii, 1252 p. ;
|c 23 cm.
|
| 500 |
|
|
|a "As amended by the Code of Criminal Procedure (Amendment) Act, 2005, with exhaustive notes, comments, case-law references, state amendments along with schedule of classification of offences and forms as prescribed under Code of Criminal Procedure, 1973."
|
| 504 |
|
|
|a Includes index.
|
| 541 |
1 |
|
|e 00015221
|
| 650 |
|
0 |
|a Criminal procedure
|z India.
|
| 650 |
|
0 |
|a Criminal courts
|z India
|v Rules and practice.
|
| 700 |
1 |
|
|a Thakore, Dhirajlal Keshavlal.
|
| 700 |
1 |
|
|a Chandrachud, Y. V.
|
| 700 |
1 |
|
|a Manohar, V. R.
|
| 700 |
1 |
|
|a Singh, Avtar,
|d 1932-
|
| 710 |
1 |
|
|a India.
|t Code of Criminal Procedure, 1973.
|
| 852 |
4 |
|
|a Ayesha Abed Library
|j General shelf
|
| 942 |
0 |
0 |
|0 1
|
| 999 |
|
|
|c 4675
|d 4675
|
| 952 |
|
|
|0 0
|1 0
|2 ddc
|4 0
|6 343_095403000000000_RAT_2004
|7 0
|9 4460
|a BRACUL
|b BRACUL
|c GEN
|d 2009-10-18
|g 630.00
|l 3
|m 1
|o 343.095403 RAT
|p 3010015221
|r 2024-01-27
|s 2024-01-20
|t 1
|v 1260.00
|w 2009-10-18
|y BK
|
| 952 |
|
|
|0 0
|1 0
|2 ddc
|4 0
|6 343_095403000000000_RAT_2004
|7 0
|9 9221
|a BRACUL
|b BRACUL
|c GEN
|d 2010-04-13
|l 4
|m 28
|o 343.095403 RAT
|p 3010015222
|q 2026-06-02
|r 2026-02-02
|s 2026-02-02
|t 2
|w 2010-04-13
|y BK
|